000 00766cab a22001935a 4500
001 L157203
008 120920e20120908xxk 000 0 eng d
035 _a(Sirsi) u157203
041 0 _aeng
100 1 _aDennis, Sarah
245 0 4 _aThe CN top 100 contractors
_b2012
260 _c2012
490 _aConstruction News
_vsupplement 6 September 2012, 1-38(38)
520 _aThis Construction News supplement covers review of the year, a list of the top 100 contractors, mergers and acquisitions, regional outlook, top 20 housebuilders, top 10 specialist contractors, top engineering consultants, top QS consultants, sector outlook, profits, remuneration.
590 _aKA
651 4 _aUnited Kingdom
_y
690 _aConstruction management
_96230
942 _n0
999 _c84296
_d84296